000
00319nam a2200133Ia 4500
008
210312s9999||||xx |||||||||||||| ||und||
041
_a
osm
050
_a
PK6515.T8
050
_b
R8
100
_a
Ömer Hayyam
245
0
_a
Rubaiyat-ı Ömer Hayyam
260
_c
1346-1927
650
_a
Edebiyat--İran edebiyatı--Şiir
999
_c
22336
_d
22336